Profecías de Matiana, sirvienta que fue en el Convento de San Jerónimo de México, sobre sucesos que han de acontecer...

Detalles Bibliográficos
Autor principal: PASION De JESUS, Josega de la (Sor)
Formato: Libro
Materias:
Colección:Banco de datos
Acervo:Biblioteca del Convento de Santa Mónica de la Ciudad de Puebla. Puebla
Tema general:Biografías
Notas:Regular. B3, 8.
LEADER 00652nam a22001810004500
035 |a 51280 
036 |a 1048 
100 1 |a PASION De JESUS, Josega de la (Sor) 
245 1 0 |a Profecías de Matiana, sirvienta que fue en el Convento de San Jerónimo de México, sobre sucesos que han de acontecer... 
500 |a Regular. B3, 8. 
650 1 0 |a Biografías 
949 |a CRP 
959 |a Ex convento de Santa Mónica. Puebla, Puebla  |b CCC5 
960 |a Convento de Santa Mónica de la ciudad de Puebla  |b DD88 
961 |a Franciscana  |b OF 
942 |c CRP-SM 
943 |g Biblioteca del Convento de Santa Mónica de la Ciudad de Puebla. Puebla 
999 |c 961618  |d 961618